Sejarah joget dangkung di Kepulauan Riau 1913-1963 /
Saved in:
| Main Author: | |
|---|---|
| Format: | Thesis Book |
| Language: | Malay |
| Published: |
2007.
|
| Subjects: | |
| Tags: |
Add Tag
No Tags, Be the first to tag this record!
|
| LEADER | 01013cam a2200265 a 4500 | ||
|---|---|---|---|
| 001 | u745540 | ||
| 003 | SIRSI | ||
| 005 | 200709171548 | ||
| 008 | 070917s my ab t 000 0 may m | ||
| 040 | |a UMM | ||
| 043 | |a a-io--- | ||
| 090 | |a D7 |b UM 2007 Swa | ||
| 100 | 1 | |a Swastiwi, Anastasia Wiwik | |
| 245 | 1 | 0 | |a Sejarah joget dangkung di Kepulauan Riau 1913-1963 / |c Anastasia Wiwik Swastini. |
| 260 | |c 2007. | ||
| 300 | |a xi, 185 leaves : |b ill. (some col.), maps, music ; |c 30 cm. | ||
| 504 | |a Bibliography: leaves 178-182. | ||
| 502 | |a Dissertation (M.A.) -- Jabatan Sejarah, Fakulti Sastera dan Sains Sosial, Universiti Malaya, 2007. | ||
| 650 | 0 | |a Dance |z Indonesia |z Riau (Province) | |
| 650 | 0 | |a Folk dance music |z Indonesia |z Riau (Province) | |
| 650 | 0 | |a Folk dancing, Malay |z Indonesia |z Riau (Province) | |
| 710 | 2 | |a Universiti Malaya. |b Jabatan Sejarah. | |
| 900 | |a SK | ||
| 596 | |a 1 | ||
| 999 | |a D7 UM 2007 SWA |w LC |c 1 |i A513072721 |d 16/6/2009 |e 11/6/2009 |f 19/9/2007 |g 1 |l STACKS |m P01UTAMA |n 5 |r Y |s Y |t TESIS |u 19/9/2007 | ||
